[Event "Schachfestival 2024-Senioren"]
[White "Schnell Franz"]
[Black "Gass Ulrich"]
[Site "Bad Woerishofen "]
[Round "2.40"]
[Annotator "wempe"]
[Result "0-1"]
[Date "2024.03.10"]
[WhiteElo "1800"]
[BlackElo "1941"]
[PlyCount "70"]
[GameId "2118793979244732"]
[EventDate "2024.03.09"]
[WhiteTeam "SC Nusplingen"]

1. d4 c5 2. d5 Nf6 3. Nc3 g6 4. Nf3 Bg7 5. e4 d6 6. h3 O-O 7. Be2 b5 8. Bxb5 Nxe4 9. O-O Nxc3 10. bxc3 Qa5 11. Qe2 a6 12. Bd3 e6 13. dxe6 Bxe6 14. Bd2 Bxc3 15. Bxc3 Qxc3 16. Qd1 Nc6 17. Be4 d5 18. Bd3 c4 19. Be2 Rab8 20. Re1 Rfd8 21. Qc1 Kg7 22. h4 Bf5 23. h5 h6 24. hxg6 Bxg6 25. Bd1 d4 26. a4 a5 27. Ra3 Rb3 28. Rxb3 cxb3 29. Be2 bxc2 30. Bb5 Nb4 31. Qf4 Kh7 32. Qf6 Qxe1+ 33. Nxe1 c1=Q 34. Qxd8 Qxe1+ 35. Bf1 Bd3 0-1

[Event "Schachfestival 2024-Senioren"]
[White "Heid Magdalene"]
[Black "Wuest Klaus Prof. Dr."]
[Site "Bad Woerishofen "]
[Round "2.41"]
[Annotator "wempe"]
[Result "0-1"]
[Date "2024.03.10"]
[WhiteElo "1714"]
[BlackElo "1937"]
[PlyCount "80"]
[GameId "2118793979244733"]
[EventDate "2024.03.09"]
[WhiteTeam "SC Matt im Park Ffm"]
[BlackTeam "SF Braunfels"]

1. e4 c6 2. d4 d5 3. exd5 cxd5 4. Bd3 Nc6 5. c3 Nf6 6. Bf4 g6 7. h3 Bf5 8. Nf3 Qd7 9. Ne5 Qe6 10. Qe2 Nxe5 11. Bxe5 Bxd3 12. Qxd3 Nd7 13. O-O Nxe5 14. dxe5 Bg7 15. Qb5+ Qc6 16. Qxc6+ bxc6 17. Re1 Rb8 18. Re2 e6 19. f4 Bh6 20. Rf2 g5 21. g3 gxf4 22. gxf4 f6 23. exf6 Rf8 24. Na3 Rxf6 25. Re1 Kd7 26. c4 Rg8+ 27. Rg2 Rxg2+ 28. Kxg2 Rxf4 29. cxd5 cxd5 30. Re2 a6 31. b3 Rd4 32. Nb1 Rd1 33. Nc3 Rd2 34. Kf3 Rxe2 35. Kxe2 Kd6 36. Kd3 e5 37. Ne2 e4+ 38. Kd4 Bg7+ 39. Ke3 Ke5 40. Nd4 Bh6+ 0-1

[Event "Schachfestival 2024-Senioren"]
[White "Kastner Reinhard"]
[Black "Lachat Martin"]
[Site "Bad Woerishofen "]
[Round "2.42"]
[Annotator "wempe"]
[Result "1-0"]
[Date "2024.03.10"]
[WhiteElo "1934"]
[BlackElo "1742"]
[PlyCount "43"]
[GameId "2118793979244734"]
[EventDate "2024.03.09"]
[BlackTeam "SC Schlieren"]

1. e4 e5 2. d4 exd4 3. c3 d6 4. cxd4 Be7 5. Nc3 Nf6 6. h3 O-O 7. Nf3 Bd7 8. Bd3 Nc6 9. O-O a6 10. a3 h6 11. Bc2 Nh7 12. g4 Ng5 13. Nxg5 Bxg5 14. f4 Bf6 15. Be3 Ne7 16. g5 hxg5 17. fxg5 Bxh3 18. gxf6 Bxf1 19. Qg4 Ng6 20. Rxf1 gxf6 21. Nd5 Kg7 22. Nxf6 1-0

[Event "Schachfestival 2024-Senioren"]
[White "Bachmann Rolf"]
[Black "Sombetzki Detlef"]
[Site "Bad Woerishofen "]
[Round "2.43"]
[Annotator "wempe"]
[Result "1-0"]
[Date "2024.03.10"]
[WhiteElo "1917"]
[BlackElo "1719"]
[PlyCount "53"]
[GameId "2118793979244735"]
[EventDate "2024.03.09"]
[WhiteTeam "Hammer Sportclub 2008 e. V."]
[BlackTeam "Bochumer SV 02"]

1. d4 d5 2. Nf3 Nf6 3. Bg5 e6 4. Nbd2 Be7 5. e3 Nbd7 6. Bd3 h6 7. Bh4 c6 8. c3 Bd6 9. e4 dxe4 10. Nxe4 g5 11. Nxd6+ Ke7 12. Nxc8+ Rxc8 13. Bg3 Nh5 14. Be5 f6 15. Bg6 Ng7 16. Bg3 Qb6 17. Qe2 Qa5 18. Bd3 Rhe8 19. O-O Kf7 20. Rfe1 Nb6 21. Qc2 Nf5 22. Bxf5 exf5 23. Bd6 Qd5 24. Bc5 Re4 25. Bxb6 axb6 26. Qb3 Qxb3 27. axb3 1-0

[Event "Schachfestival 2024-Senioren"]
[White "Christoffersen Odd"]
[Black "Helbig Dieter"]
[Site "Bad Woerishofen "]
[Round "2.44"]
[Annotator "wempe"]
[Result "0-1"]
[Date "2024.03.10"]
[WhiteElo "1701"]
[BlackElo "1905"]
[PlyCount "120"]
[GameId "2118793979244736"]
[EventDate "2024.03.09"]
[WhiteTeam "Bergen"]
[BlackTeam "SK Weilheim e.V."]

1. e4 c5 2. Nf3 Nc6 3. Bb5 g6 4. c3 Bg7 5. O-O Nf6 6. Re1 O-O 7. d4 cxd4 8. cxd4 a6 9. Bf1 d6 10. h3 Bd7 11. Nc3 b5 12. e5 dxe5 13. dxe5 Ne8 14. Bf4 Nc7 15. Qd2 Be6 16. Rad1 Qc8 17. b3 Qb7 18. Bd3 Rad8 19. Qe2 Qc8 20. Be4 Nb4 21. Rc1 Qb8 22. Bb1 Nbd5 23. Bg3 Bh6 24. Nxd5 Nxd5 25. Rc6 Nb4 26. Rc3 Rc8 27. Rxc8 Qxc8 28. Rd1 Rd8 29. Rxd8+ Qxd8 30. Bh4 Qc7 31. Be4 Bf4 32. Bg3 Bxg3 33. fxg3 Qc5+ 34. Kh2 Bd5 35. Bxd5 Qxd5 36. a4 bxa4 37. bxa4 Qd7 38. e6 Qxe6 39. Qxe6 fxe6 40. Kg1 h6 41. Nd2 Kf7 42. Kf1 e5 43. Ke2 Ke6 44. g4 Nd5 45. Ne4 Nf4+ 46. Kf3 Kd5 47. h4 Kc4 48. g3 Nd5 49. h5 gxh5 50. gxh5 Nf6 51. g4 Nh7 52. Ng3 Ng5+ 53. Ke3 e6 54. Ne4 Nf7 55. Nf6 Kb4 56. Ng8 Kxa4 57. Nxh6 Ng5 58. Ng8 Kb4 59. h6 a5 60. Nf6 a4 0-1

[Event "Schachfestival 2024-Senioren"]
[White "Walther Renate"]
[Black "Geyer Bernhard"]
[Site "Bad Woerishofen "]
[Round "2.46"]
[Annotator "wempe"]
[Result "0-1"]
[Date "2024.03.10"]
[WhiteElo "1561"]
[BlackElo "2119"]
[PlyCount "32"]
[GameId "2118793979244738"]
[EventDate "2024.03.09"]
[WhiteTeam "SK 1911 Herzogenaurach"]
[BlackTeam "SK Frankenthal"]

1. e4 d6 2. d4 Nf6 3. Nc3 g6 4. Bd3 Bg7 5. Be3 e5 6. d5 Ng4 7. Qd2 Nxe3 8. Qxe3 Nd7 9. Bb5 O-O 10. Bxd7 Bxd7 11. Nge2 f5 12. O-O-O b5 13. Qd3 b4 14. Nb5 a6 15. c4 axb5 16. Kb1 fxe4 0-1

[Event "Schachfestival 2024-Senioren"]
[White "Neese Hans-Joachim"]
[Black "Willer Walter"]
[Site "Bad Woerishofen "]
[Round "2.48"]
[Annotator "wempe"]
[Result "1/2-1/2"]
[Date "2024.03.10"]
[WhiteElo "2042"]
[BlackElo "1835"]
[PlyCount "74"]
[GameId "2118793979244740"]
[EventDate "2024.03.09"]
[WhiteTeam "SV Hennef"]
[BlackTeam "SK Buchloe"]

1. d4 d5 2. Nf3 e6 3. c4 c6 4. e3 Bd6 5. Nc3 f5 6. Ne5 Nf6 7. f4 O-O 8. Be2 Nbd7 9. O-O Ne4 10. Nxe4 fxe4 11. c5 Bc7 12. b4 Nxe5 13. fxe5 Bd7 14. a4 b6 15. cxb6 axb6 16. Bd2 c5 17. b5 c4 18. Bb4 Rxf1+ 19. Qxf1 Qg5 20. Ra3 h6 21. Qf4 Qxf4 22. exf4 Kf7 23. Kf2 Bd8 24. Bd1 Be7 25. Bxe7 Kxe7 26. Rg3 Kf7 27. Ke1 g6 28. h4 h5 29. Kd2 Be8 30. Kc3 Bxb5 31. Kb4 Be8 32. Ra3 Ke7 33. g3 Kd8 34. Ra2 Kc7 35. Rg2 Bd7 36. Rh2 Rf8 37. Ra2 Rb8 1/2-1/2

[Event "Schachfestival 2024-Senioren"]
[White "Kirby Peter"]
[Black "Huber Helmut"]
[Site "Bad Woerishofen "]
[Round "2.49"]
[Annotator "wempe"]
[Result "1/2-1/2"]
[Date "2024.03.10"]
[WhiteElo "1980"]
[BlackElo "1830"]
[PlyCount "92"]
[GameId "2118793979244741"]
[EventDate "2024.03.09"]
[WhiteTeam "Horfield & Redland"]
[BlackTeam "Brackweder SK von 1924"]

1. Nf3 Nf6 2. c4 e6 3. g3 d5 4. Bg2 c6 5. b3 Nbd7 6. Bb2 Be7 7. d4 O-O 8. O-O dxc4 9. bxc4 Nb6 10. Qc2 Bd7 11. e4 Rc8 12. c5 Na8 13. Nbd2 b6 14. Nb3 Nc7 15. Rfd1 Na6 16. Qe2 Nc7 17. Rac1 Rb8 18. Ne5 Qe8 19. Rc2 Kh8 20. Rdc1 Ng8 21. cxb6 Rxb6 22. Nc5 Bc8 23. Bc3 Bxc5 24. dxc5 Rb8 25. Ba5 Nb5 26. Rd2 f6 27. Nc4 Qe7 28. Nd6 e5 29. Nxc8 Rfxc8 30. Bh3 Rf8 31. Rd7 Nd4 32. Qc4 Qe8 33. Kg2 Qh5 34. Qd3 Rb2 35. Bc3 Rxa2 36. Bxd4 exd4 37. Rxd4 Qg5 38. Rc2 Rxc2 39. Qxc2 Qe5 40. Rd6 Ne7 41. Re6 Qc7 42. Rd6 Ng6 43. Qa4 Ne5 44. f4 Nf7 45. Rd7 Qb8 46. Qxa7 Qb2+ 1/2-1/2

[Event "Schachfestival 2024-Senioren"]
[White "Lein Andreas"]
[Black "Marian Hartmut"]
[Site "Bad Woerishofen "]
[Round "2.50"]
[Annotator "wempe"]
[Result "1/2-1/2"]
[Date "2024.03.10"]
[WhiteElo "1831"]
[BlackElo "1992"]
[PlyCount "91"]
[GameId "2118793979306182"]
[EventDate "2024.03.09"]
[WhiteTeam "Erfurter Schachklub"]
[BlackTeam "SK Germering e. V."]

1. d4 c5 2. e3 Nf6 3. Nf3 e6 4. c4 d5 5. Nc3 Nc6 6. Be2 Be7 7. O-O O-O 8. h3 a6 9. a3 dxc4 10. Bxc4 b5 11. Be2 c4 12. b3 cxb3 13. Qxb3 Bb7 14. Bd2 Rc8 15. Rac1 Na5 16. Qa2 Nc4 17. Bxc4 Rxc4 18. Ne5 Rc8 19. Ne2 Bd5 20. Qb2 Qb6 21. Nf4 Ba8 22. Bb4 Qb7 23. f3 Bxb4 24. axb4 Rxc1 25. Rxc1 Rc8 26. Rc5 Nd7 27. Nxd7 Qxd7 28. Qc3 Bb7 29. Nd3 Kf8 30. Ne5 Qd8 31. Kf2 f6 32. Nd3 Kf7 33. g4 Qd7 34. e4 Qd8 35. Ke3 Rxc5 36. Qxc5 Qe7 37. f4 Qxc5 38. Nxc5 Bc8 39. d5 exd5 40. exd5 Ke7 41. Kd4 g6 42. Ne4 f5 43. gxf5 Bxf5 44. Nf2 Kd6 45. h4 h5 46. Nd1 1/2-1/2

[Event "Schachfestival 2024-Senioren"]
[White "Laustsen Karl-Johan"]
[Black "Flockerzi Armin"]
[Site "Bad Woerishofen "]
[Round "2.52"]
[Annotator "wempe"]
[Result "1/2-1/2"]
[Date "2024.03.10"]
[WhiteElo "1897"]
[BlackElo "1817"]
[PlyCount "63"]
[GameId "2118793979306184"]
[EventDate "2024.03.09"]
[WhiteTeam "1.FC Marktleuthen"]
[BlackTeam "VfR-SC Koblenz"]

1. d4 d5 2. Bf4 c6 3. c3 Nd7 4. e3 Ngf6 5. Bd3 g6 6. h3 Bg7 7. Nf3 Qb6 8. Qb3 c5 9. O-O c4 10. Qxb6 axb6 11. Bc2 O-O 12. Nbd2 Nh5 13. Bh2 Re8 14. g4 Nhf6 15. a3 b5 16. Rae1 Nb6 17. e4 h5 18. Ne5 hxg4 19. hxg4 Nxg4 20. f4 Nxh2 21. Kxh2 Bxe5 22. fxe5 Kg7 23. exd5 Nxd5 24. Be4 Be6 25. Kg3 Rh8 26. Rh1 Raf8 27. Bf3 b6 28. Bg2 Nc7 29. Ne4 Bd5 30. Ng5 Bxg2 31. Kxg2 e6 32. Ref1 1/2-1/2

[Event "Schachfestival 2024-Senioren"]
[White "Storkebaum Ulrike"]
[Black "Wulf Juergen Dr."]
[Site "Bad Woerishofen "]
[Round "2.53"]
[Annotator "wempe"]
[Result "0-1"]
[Date "2024.03.10"]
[WhiteElo "1802"]
[BlackElo "1885"]
[PlyCount "94"]
[GameId "2118793979306185"]
[EventDate "2024.03.09"]
[WhiteTeam "SAbt TEC Darmstadt"]
[BlackTeam "Markdorf"]

1. e4 e5 2. Nf3 Nc6 3. d4 exd4 4. Nxd4 Bc5 5. Be3 Qf6 6. c3 d6 7. Be2 Bd7 8. O-O Qg6 9. Bf3 Nf6 10. Nd2 Ne5 11. Kh1 h5 12. b4 Bb6 13. a4 a5 14. b5 Bg4 15. Nf5 Bxe3 16. Nxe3 O-O-O 17. Qe2 Nxe4 18. Nxe4 Qxe4 19. Bxe4 Bxe2 20. Rfe1 Bd3 21. Bd5 Ng4 22. Kg1 Bg6 23. Nc4 b6 24. f3 Nf6 25. Bc6 Nd7 26. f4 Rhe8 27. Ne3 Be4 28. Nd5 f5 29. Kf2 Re6 30. Bxd7+ Kxd7 31. Ne3 Rde8 32. Rad1 h4 33. Rd4 g6 34. c4 Bb7 35. Nc2 Bxg2 36. Rxe6 Rxe6 37. Rd2 Bb7 38. Rd4 Re4 39. Rxe4 Bxe4 40. Ne3 c6 41. Nd1 cxb5 42. cxb5 Ke6 43. Ke3 Kd5 44. Kd2 Kd4 45. Nb2 d5 46. Nd1 Kc4 47. Nc3 Kb3 0-1

[Event "Schachfestival 2024-Senioren"]
[White "Mueggenburg Rolf"]
[Black "Zwetz Anita"]
[Site "Bad Woerishofen "]
[Round "2.55"]
[Annotator "wempe"]
[Result "1/2-1/2"]
[Date "2024.03.10"]
[WhiteElo "1781"]
[BlackElo "1887"]
[PlyCount "120"]
[GameId "2118793979306187"]
[EventDate "2024.03.09"]
[WhiteTeam "SSC Graal-Mueritz"]
[BlackTeam "TSV Kareth-Lappersdorf"]

1. d4 d5 2. Bf4 c6 3. e3 Bf5 4. Bd3 Bxd3 5. Qxd3 Qb6 6. Qb3 Nd7 7. Nf3 Qxb3 8. axb3 e6 9. O-O Ngf6 10. h3 Be7 11. Nbd2 O-O 12. Bg5 h6 13. Bf4 c5 14. c3 a6 15. Ra2 Rfc8 16. Rfa1 Rc6 17. g4 g5 18. Bh2 Re8 19. dxc5 Nxc5 20. b4 Nce4 21. Nb3 Bd8 22. Nfd4 Rb6 23. f3 Nd6 24. Bxd6 Rxd6 25. Nc5 Re7 26. Kf2 Bb6 27. Ncb3 Rd8 28. Kg3 Ree8 29. h4 gxh4+ 30. Kxh4 Kg7 31. Rg1 Rh8 32. Rg2 Rdg8 33. Ra1 Kf8 34. Rag1 Ne8 35. Nc5 Bd8+ 36. Kg3 Nd6 37. Kf2 Ke8 38. Rh2 Rg7 39. e4 dxe4 40. Nxe4 Nxe4+ 41. fxe4 Bc7 42. Rhg2 Rgh7 43. Rh1 Bb6 44. Kf3 Bxd4 45. cxd4 Kd7 46. Rc2 Rc8 47. Rcc1 Rxc1 48. Rxc1 f6 49. Rc5 b6 50. Rc1 h5 51. gxh5 Rxh5 52. Ra1 a5 53. bxa5 Rxa5 54. Rc1 Rb5 55. Rc2 Kd6 56. Rd2 Rb3+ 57. Kf4 Rb4 58. Ke3 b5 59. Kf4 Ke7 60. Ke3 Rb3+ 1/2-1/2

[Event "Schachfestival 2024-Senioren"]
[White "Vonach Bernhard"]
[Black "Weyand Fernand"]
[Site "Bad Woerishofen "]
[Round "2.56"]
[Annotator "wempe"]
[Result "1/2-1/2"]
[Date "2024.03.10"]
[WhiteElo "1881"]
[BlackElo "1752"]
[PlyCount "60"]
[GameId "2118793979306188"]
[EventDate "2024.03.09"]
[WhiteTeam "SF Windach"]
[BlackTeam "SVG Saarbruecken 1970 e.V."]

1. d4 b6 2. b3 Bb7 3. Bb2 e6 4. e3 f5 5. Nd2 Nf6 6. Ngf3 g6 7. c4 Bg7 8. Qc2 Na6 9. a3 Rc8 10. b4 Qe7 11. b5 Nb8 12. a4 d6 13. Qb3 Nbd7 14. h4 c5 15. O-O-O Ng4 16. Rg1 Nxf2 17. Re1 Ne4 18. Nxe4 Bxe4 19. Ng5 Nf6 20. Bd3 Bxd3 21. Qxd3 h6 22. Nf3 O-O 23. Kb1 Ne4 24. g3 a6 25. Nd2 Nxd2+ 26. Qxd2 axb5 27. axb5 Qb7 28. Qd3 Rfd8 29. g4 Qf7 30. Rgf1 Qe7 1/2-1/2

[Event "Schachfestival 2024-Senioren"]
[White "Di Lazzaro Gabriele"]
[Black "Fischer Johann"]
[Site "Bad Woerishofen "]
[Round "2.57"]
[Annotator "wempe"]
[Result "1-0"]
[Date "2024.03.10"]
[WhiteElo "1880"]
[BlackElo "1733"]
[PlyCount "93"]
[GameId "2118793979306189"]
[EventDate "2024.03.09"]
[BlackTeam "SK krumbach"]

1. e4 e5 2. Bc4 Nf6 3. d4 exd4 4. Nf3 Qe7 5. O-O Qc5 6. b3 b5 7. Ba3 Qb6 8. Bxf8 Rxf8 9. Bd3 d6 10. e5 dxe5 11. Nxe5 Be6 12. a4 c6 13. Qe2 a6 14. axb5 Kd8 15. bxc6 Bd5 16. Nd2 Re8 17. Rfe1 Nxc6 18. Nxc6+ Bxc6 19. Qf1 Rxe1 20. Rxe1 Bb5 21. Nc4 Qc7 22. Qe2 Bxc4 23. Bxc4 a5 24. Qd3 Qd7 25. Rd1 a4 26. bxa4 Ke7 27. Bb5 Qd6 28. Qxd4 Qxd4 29. Rxd4 Ra7 30. f3 Ke6 31. c4 Ke5 32. Rd2 Kf4 33. Kf2 Ke5 34. Ke3 g5 35. Ra2 h5 36. a5 Kd6 37. Kd4 Nd7 38. Bxd7 Kxd7 39. a6 Kc6 40. Ra5 f6 41. Rf5 Rd7+ 42. Kc3 Rf7 43. Ra5 Kb6 44. a7 Rxa7 45. Rxa7 Kxa7 46. Kd4 f5 47. Ke5 1-0

[Event "Schachfestival 2024-Senioren"]
[White "Narr Irmgard"]
[Black "Marshall Michael"]
[Site "Bad Woerishofen "]
[Round "2.58"]
[Annotator "wempe"]
[Result "0-1"]
[Date "2024.03.10"]
[WhiteElo "1755"]
[BlackElo "1874"]
[PlyCount "59"]
[GameId "2118793979306190"]
[EventDate "2024.03.09"]

1. e4 c5 2. Bc4 e6 3. c3 d5 4. exd5 exd5 5. Bb5+ Bd7 6. Bxd7+ Qxd7 7. d3 Be7 8. Nf3 Nc6 9. O-O Nf6 10. Bf4 O-O 11. Qc2 Qf5 12. Bg3 c4 13. Ne1 Rac8 14. dxc4 Qxc2 15. Nxc2 dxc4 16. Nd2 b5 17. Nf3 Nh5 18. Ne3 Nxg3 19. fxg3 Bc5 20. Rae1 Rfe8 21. Kf2 Re6 22. Re2 Rce8 23. Rfe1 b4 24. Ng5 R6e7 25. Kf3 Ne5+ 26. Kf4 Nd3+ 27. Kf3 Nxe1+ 28. Rxe1 Rxe3+ 29. Rxe3 Rxe3+ 30. Kf4 0-1

[Event "Schachfestival 2024-Senioren"]
[White "Collins Alan"]
[Black "Kolas Matija"]
[Site "Bad Woerishofen "]
[Round "2.59"]
[Annotator "wempe"]
[Result "1/2-1/2"]
[Date "2024.03.10"]
[WhiteElo "1743"]
[BlackElo "1872"]
[PlyCount "50"]
[GameId "2118793979306191"]
[EventDate "2024.03.09"]
[WhiteTeam "Cowley"]
[BlackTeam "SK Markdorf"]

1. d4 d5 2. Nf3 e6 3. Bf4 f5 4. h3 Nf6 5. e3 Bd6 6. Bxd6 Qxd6 7. c3 Nbd7 8. Nbd2 O-O 9. Be2 c6 10. O-O Ne4 11. Nxe4 fxe4 12. Nh2 e5 13. Qb3 exd4 14. cxd4 Nf6 15. f4 exf3 16. Rxf3 Re8 17. Bd3 Kh8 18. Qc2 Bd7 19. Nf1 Rac8 20. Qf2 Qe7 21. a3 Rf8 22. Qd2 Ne4 23. Rxf8+ Rxf8 24. Bxe4 Qxe4 25. Re1 Qg6 1/2-1/2

[Event "Schachfestival 2024-Senioren"]
[White "Hilbenz Guntram Dr."]
[Black "Grandl Klaus"]
[Site "Bad Woerishofen "]
[Round "2.60"]
[Annotator "wempe"]
[Result "1-0"]
[Date "2024.03.10"]
[WhiteElo "1871"]
[BlackElo "1726"]
[PlyCount "61"]
[GameId "2118793979306192"]
[EventDate "2024.03.09"]
[WhiteTeam "SC Bad Nauheim"]
[BlackTeam "SF Windach"]

1. c4 e5 2. g3 Nf6 3. Bg2 Be7 4. Nc3 O-O 5. Nf3 d6 6. O-O Nbd7 7. d3 h6 8. Rb1 Nh7 9. b4 Rb8 10. Nd5 Ndf6 11. Nxe7+ Qxe7 12. Nd2 Bf5 13. e4 Be6 14. f3 c6 15. Nb3 b6 16. Bd2 Rfd8 17. Qe2 Rf8 18. b5 c5 19. a4 Qd7 20. Ra1 Bh3 21. Ra3 Bxg2 22. Qxg2 Nh5 23. f4 f5 24. exf5 exf4 25. Bxf4 Rbd8 26. Ra2 d5 27. Rd2 d4 28. Re2 Rde8 29. Rfe1 Rxe2 30. Rxe2 Re8 31. Nd2 1-0

[Event "Schachfestival 2024-Senioren"]
[White "Cremonini Stefano"]
[Black "Hager Eberhard"]
[Site "Bad Woerishofen "]
[Round "2.61"]
[Annotator "wempe"]
[Result "1/2-1/2"]
[Date "2024.03.10"]
[WhiteElo "1734"]
[BlackElo "1863"]
[PlyCount "49"]
[GameId "2118793979306193"]
[EventDate "2024.03.09"]
[WhiteTeam "Bologna"]
[BlackTeam "SK Friedberg im Gehoerl. Sportverein"]

1. d4 Nf6 2. Nf3 e6 3. Bf4 c5 4. c3 Qb6 5. Qb3 cxd4 6. Qxb6 axb6 7. Nxd4 Nd5 8. Nb5 Na6 9. Nd6+ Bxd6 10. Bxd6 Ne7 11. e4 Nc5 12. Nd2 f5 13. f3 fxe4 14. fxe4 Nc6 15. Be2 Nd8 16. O-O Nf7 17. e5 Nxd6 18. exd6 Rf8 19. Nf3 Ne4 20. Rad1 Ra5 21. Rd4 Nf6 22. h3 Nd5 23. Re1 Nf4 24. Bd3 Nxd3 25. Rxd3 $2 1/2-1/2

[Event "Schachfestival 2024-Senioren"]
[White "Wagner Werner"]
[Black "Jovi Klaus"]
[Site "Bad Woerishofen "]
[Round "2.62"]
[Annotator "wempe"]
[Result "1-0"]
[Date "2024.03.10"]
[WhiteElo "1862"]
[BlackElo "1709"]
[PlyCount "104"]
[GameId "2118793979306194"]
[EventDate "2024.03.09"]
[WhiteTeam "SC GEMA St.Ingbert"]

1. d4 Nf6 2. Nc3 g6 3. Bf4 d6 4. e3 Bg7 5. h4 c6 6. f3 Be6 7. Nh3 h6 8. Nf2 Qa5 9. Qd2 Nbd7 10. Bd3 d5 11. a3 Rc8 12. b4 Qd8 13. Na4 b5 14. Nb2 Nb6 15. c3 Qd7 16. Qe2 a6 17. Bc2 Nh5 18. Bh2 f5 19. Nbd3 Bf7 20. g4 fxg4 21. fxg4 Nf6 22. Ne5 Qe6 23. Nxg6 Bxg6 24. Bxg6+ Kd8 25. Bf5 Qf7 26. Bxc8 Kxc8 27. Rf1 Nc4 28. Qf3 Qe6 29. Qf5 Qxf5 30. gxf5 Nxe3 31. Ke2 Nxf1 32. Rxf1 Re8 33. Rg1 Bf8 34. Rg6 Kd7 35. Nd3 Ne4 36. Ne5+ Kc8 37. Rxc6+ Kb7 38. Kd3 Rc8 39. Rxc8 Kxc8 40. Ng6 Nf2+ 41. Kc2 Bg7 42. Nxe7+ Kb7 43. Nxd5 h5 44. Nf4 Bf6 45. Bg3 Ne4 46. Be1 Nd6 47. Nxh5 Bh8 48. f6 Kc6 49. Kd3 Nf7 50. Bd2 Kd5 51. Bg5 Nxg5 52. hxg5 Ke6 1-0

[Event "Schachfestival 2024-Senioren"]
[White "Auschkalnis Reinhard"]
[Black "Eschle Hubert"]
[Site "Bad Woerishofen "]
[Round "2.63"]
[Annotator "wempe"]
[Result "1/2-1/2"]
[Date "2024.03.10"]
[WhiteElo "1732"]
[BlackElo "1860"]
[PlyCount "45"]
[GameId "2118793979306195"]
[EventDate "2024.03.09"]
[WhiteTeam "SC Bonn Beuel"]
[BlackTeam "SC Villingen-Schwenningen"]

1. e4 c5 2. Nc3 a6 3. a4 Nc6 4. f4 d6 5. Nf3 g6 6. Bc4 Bg7 7. d3 e6 8. f5 Ne5 9. fxe6 fxe6 10. O-O Nxc4 11. dxc4 Ne7 12. Ng5 Qc7 13. Bd2 h6 14. Nf3 O-O 15. Qe1 g5 16. Qg3 e5 17. Nd5 Nxd5 18. cxd5 Bd7 19. c4 Rf6 20. a5 Raf8 21. h3 Bc8 22. Nh2 Rxf1+ 23. Rxf1 1/2-1/2

[Event "Schachfestival 2024-Senioren"]
[White "Bjorgvik Jan Arne"]
[Black "Niesswohl Werner"]
[Site "Bad Woerishofen "]
[Round "2.64"]
[Annotator "wempe"]
[Result "1-0"]
[Date "2024.03.10"]
[WhiteElo "1858"]
[BlackElo "1699"]
[PlyCount "103"]
[GameId "2118793979306196"]
[EventDate "2024.03.09"]
[WhiteTeam "NSF"]
[BlackTeam "SK Auhof"]

1. e4 e5 2. Nf3 Nc6 3. Bc4 Bc5 4. O-O Nf6 5. Qe2 O-O 6. Nc3 d6 7. h3 Be6 8. a3 a6 9. Nd5 b5 10. Nxf6+ Qxf6 11. Bxe6 fxe6 12. d3 h6 13. Be3 Nd4 14. Bxd4 exd4 15. e5 Qf5 16. exd6 Bxd6 17. Nxd4 Qf4 18. Qxe6+ Rf7 19. Nf3 Rb8 20. Rfe1 Be7 21. Re4 Rb6 22. Qxb6 cxb6 23. Rxf4 Rxf4 24. Re1 Bf6 25. c3 a5 26. Re6 b4 27. axb4 axb4 28. d4 bxc3 29. bxc3 b5 30. Rb6 Rf5 31. Nd2 Kf7 32. Ne4 Be7 33. Rb7 Rd5 34. Nc5 b4 35. Rxb4 Bxc5 36. Rb5 Ke6 37. Rxc5 Rxc5 38. dxc5 Kd5 39. Kf1 Kxc5 40. Ke2 Kc4 41. Kd2 g5 42. g4 Kd5 43. Kd3 Ke5 44. c4 Kf4 45. Ke2 Ke4 46. c5 Kd5 47. Kd3 Kxc5 48. Ke4 Kd6 49. Kf5 Ke7 50. Kg6 Ke6 51. Kxh6 Kf6 52. Kh5 1-0

[Event "Schachfestival 2024-Senioren"]
[White "Mahrla Hans Dr."]
[Black "Schroeder Klaus"]
[Site "Bad Woerishofen "]
[Round "2.65"]
[Annotator "wempe"]
[Result "0-1"]
[Date "2024.03.10"]
[WhiteElo "1722"]
[BlackElo "1857"]
[PlyCount "27"]
[GameId "2118793979306197"]
[EventDate "2024.03.09"]
[WhiteTeam "SC Eichenau"]
[BlackTeam "SC Karlsdorf"]

1. e4 c6 2. f4 d5 3. e5 e6 4. Nf3 c5 5. c3 Nc6 6. d4 cxd4 7. cxd4 Bb4+ 8. Nc3 Nge7 9. Bd2 O-O 10. a3 Bxc3 11. bxc3 f6 12. Bd3 f5 13. O-O Bd7 14. Be3 0-1

[Event "Schachfestival 2024-Senioren"]
[White "Klimpel Siegfried"]
[Black "Semisch Helga"]
[Site "Bad Woerishofen "]
[Round "2.66"]
[Result "1-0"]
[Date "2024.03.10"]
[WhiteElo "1848"]
[BlackElo "1636"]
[PlyCount "23"]
[GameId "2118793979371734"]
[EventDate "2024.03.09"]
[WhiteTeam "TSV Kareth-Lappersdorf"]
[BlackTeam "Lok meiningen"]

1. e4 c6 2. Nc3 d5 3. d4 e6 4. Nf3 Bd6 5. Bd3 f5 6. e5 Bc7 7. Ng5 g6 8. Nh3 Nd7 9. Bg5 Ne7 10. Nf4 Nb6 11. Qe2 Nd7 12. Nxe6 1-0

[Event "Schachfestival 2024-Senioren"]
[White "Ruf Helmut"]
[Black "Loibl Johann"]
[Site "Bad Woerishofen "]
[Round "2.67"]
[Annotator "wempe"]
[Result "1/2-1/2"]
[Date "2024.03.10"]
[WhiteElo "1645"]
[BlackElo "1843"]
[PlyCount "47"]
[GameId "2118793979371735"]
[EventDate "2024.03.09"]
[WhiteTeam "SVG Offenburg e.V."]
[BlackTeam "Klosterneuburg"]

1. e4 e5 2. Nf3 Nc6 3. Bc4 Bc5 4. c3 Nf6 5. d3 d6 6. Bb3 h6 7. O-O O-O 8. Re1 Bg4 9. Nbd2 Qd7 10. Nf1 Rfe8 11. Ng3 Rad8 12. h3 Be6 13. Nh2 d5 14. Qf3 dxe4 15. dxe4 Qd3 16. Be3 Bxb3 17. axb3 Bxe3 18. Rxe3 Qc2 19. Re2 Qxb3 20. Ng4 Nxg4 21. Qxg4 Rd1+ 22. Rxd1 Qxd1+ 23. Kh2 Qd6 24. Re3 1/2-1/2

[Event "Schachfestival 2024-Senioren"]
[White "Auterhoff Juergen Dr."]
[Black "Lie Terje"]
[Site "Bad Woerishofen "]
[Round "2.68"]
[Annotator "wempe"]
[Result "0-1"]
[Date "2024.03.10"]
[WhiteElo "1838"]
[BlackElo "1594"]
[PlyCount "109"]
[GameId "2118793979371736"]
[EventDate "2024.03.09"]
[WhiteTeam "SF Muenchen"]

1. e4 c5 2. Nf3 d6 3. d4 cxd4 4. Nxd4 Nf6 5. Nc3 g6 6. Be2 Bg7 7. Be3 O-O 8. O-O Nc6 9. h3 Bd7 10. Qd2 a6 11. a3 Rc8 12. Rad1 Ne5 13. f4 Nc4 14. Bxc4 Rxc4 15. b3 Rc8 16. Nde2 Bc6 17. e5 Ne4 18. Qd3 Nxc3 19. Nxc3 dxe5 20. fxe5 Bxe5 21. Nd5 Qxd5 22. Qxd5 Bxd5 23. Rxd5 Bd6 24. Bh6 Rfe8 25. c4 Bxa3 26. Rd7 Bc5+ 27. Kh1 b5 28. cxb5 axb5 29. Rfd1 Ra8 30. g4 f6 31. R7d5 Bd6 32. Rxb5 Ra2 33. Kg1 Rc8 34. Be3 Rcc2 35. Bd4 Rh2 36. Bxf6 Rxh3 37. Be5 Bxe5 38. Rxe5 Rg3+ 39. Kh1 Ra7 40. g5 Rxb3 41. Rde1 Kf7 42. Rf1+ Ke8 43. Rc1 Rb2 44. Rc8+ Kf7 45. Rc1 Rf2 46. Rce1 Rf5 47. Kg2 Rxe5 48. Rxe5 Ra3 49. Rb5 Rd3 50. Re5 Rc3 51. Rb5 Re3 52. Ra5 Kg7 53. Kf2 Rb3 54. Re5 Kf7 55. Ra5 0-1